000 00426nam a2200145Ia 4500
008 230917s9999||||xx |||||||||||||| ||und||
040 _e183599
_aMAIN
041 _aEnglish
082 _a658.4092 A11L
100 _aAdair, John
245 0 _aLeadership and motivation: The fifity-fifty rule and the eight key principles of motivating others
260 _aNew Delhi
_bKogan Page
_c2011
300 _axi, 135 p.
942 _cBK
999 _c163852
_d163852